000 00724nam a2200253Ia 4500
003 OSt
005 20220926000848.0
006 a|||||r|||| 00| 0
007 ta
008 220923b |||||||| |||| 00| 0 eng d
037 _cGeneral Book
040 _aRTL
_cRTL
_beng
041 _2eng
_aeng
082 _aX9:75.2.N7, M1
100 _aArya V P
245 0 _aGuide to industrial licensing in India
_bLaw practice
260 _a New Delhi
_bIyengar Consultancy Services
_c1981
300 _a346p
_ccm.
490 _aIyengar Consultancy Services
500 _aAppendix P 195-346
650 _aIndustry Economy
942 _hX9:75.2.N7, M1
_cGB
_2CC
999 _c599919
_d599919